Vývoj veľkosti vlády z hľadiska viacerých ukazovateľov v krajinách Vyšehradskej štvorky bakalárska práca

Uložené v:
Podrobná bibliografia
Hlavný autor: Horváth, Peter
Korporativný autor: Národohospodárska fakulta EU. Katedra financií
Ďalší autori: Boór, Matej, 1988-
Médium: Kniha
Jazyk:Slovak
Vydavateľské údaje: Bratislava 2018
Tagy: Pridať tag
Žiadne tagy, Buďte prvý, kto otaguje tento záznam!

MARC

LEADER 00000nbm a2200000 4500
001 0245895
005 20181214081958.7
041 0 |a slo 
044 |a SK 
245 1 0 |a Vývoj veľkosti vlády z hľadiska viacerých ukazovateľov v krajinách Vyšehradskej štvorky  |b bakalárska práca  |c Peter Horváth ; školiteľ: Matej Boór 
264 1 |a Bratislava  |c 2018 
300 |a 48 s. 
100 1 |a Horváth, Peter 
700 1 |a Boór, Matej, 1988- 
710 2 |a Národohospodárska fakulta EU. Katedra financií